000 00301 a2200157 4500
001 161306
020 _a
040 _cMagnum
100 _a-
240 1 0 _aCinderela/globo
_lpor
245 1 0 _aCinderela/globo
362 0 _a1899
440 1 _aGlobo
697 _aIJ/FADAS, FANTASIA
942 _cBK
999 _c161306
_d161306